| 000 | 00503nam a2200181Ia 4500 | ||
|---|---|---|---|
| 008 | 090123s9999 xx 000 0 und d | ||
| 082 |
_b9966 _a891.463/नंदा |
||
| 100 | _aनंदा गुलशन | ||
| 245 | _aकलंकिनी | ||
| 250 | _a1 | ||
| 260 |
_bमनोरंजन _c1980 |
||
| 300 | _a151 | ||
| 600 | _aनंदा गुलशन | ||
| 630 | _aकलंकिनी | ||
| 700 | _aनंदा गुलशन | ||
| 730 | _aकलंकिनी | ||
| 942 | _cBOOK | ||
| 999 |
_c48032 _d48032 |
||